| 000 | 00378 a2200133 4500 | ||
|---|---|---|---|
| 001 | 91964 | ||
| 082 | _aPR 1736 | ||
| 090 |
_c43911 _d43910 |
||
| 100 | _aUmair Raza and Ali Sarwar; Prof Amir Khalil, Advisor | ||
| 245 |
_aDevelopment of Backup Acquisition unit for JF-17 Aircraft _n65 "B" EC |
||
| 260 |
_aRawalpindi _bNUST _c2008 |
||
| 300 | _a52p | ||
| 500 | _aBE Project Report | ||
| 942 |
_aCAE NUST _kPR 1736 |
||
| 999 |
_c327037 _d327037 |
||